|
|
|
|
| LEADER |
01561nam a2200361 i 4500 |
| 001 |
EBC5884840 |
| 003 |
MiAaPQ |
| 005 |
20191008070450.0 |
| 006 |
m o d | |
| 007 |
cr cnu|||||||| |
| 008 |
191008s2019 gw o 100 0 ger d |
| 020 |
|
|
|z 9783737606882
|
| 020 |
|
|
|a 9783737606899 (e-book)
|
| 035 |
|
|
|a (MiAaPQ)EBC5884840
|
| 035 |
|
|
|a (Au-PeEL)EBL5884840
|
| 035 |
|
|
|a (OCoLC)1117643678
|
| 040 |
|
|
|a MiAaPQ
|b eng
|e rda
|e pn
|c MiAaPQ
|d MiAaPQ
|
| 050 |
|
4 |
|a TD878
|b .L489 2019
|
| 082 |
0 |
|
|a 628.55
|2 23
|
| 245 |
0 |
4 |
|a Der letzte Dreck?! :
|b Bodenschutz in Politik und Praxis : Dokumentationsband der 26. Witzenhauser Konferenz 04.12 - 08.12.2018.
|
| 264 |
|
1 |
|a Kassel :
|b Kassel University Press GmbH,
|c [2019]
|
| 264 |
|
4 |
|c 2019
|
| 300 |
|
|
|a 1 online resource (134 pages)
|
| 336 |
|
|
|a text
|b txt
|2 rdacontent
|
| 337 |
|
|
|a computer
|b c
|2 rdamedia
|
| 338 |
|
|
|a online resource
|b cr
|2 rdacarrier
|
| 588 |
|
|
|a Description based on print version record.
|
| 590 |
|
|
|a Electronic reproduction. Ann Arbor, MI : ProQuest, 2018. Available via World Wide Web. Access may be limited to ProQuest affiliated libraries.
|
| 650 |
|
0 |
|a Soil protection
|v Congresses.
|
| 655 |
|
4 |
|a Electronic books.
|
| 776 |
0 |
8 |
|i Print version:
|t Letzte Dreck?! : Bodenschutz in Politik und Praxis : Dokumentationsband der 26. Witzenhauser Konferenz 04.12 - 08.12.2018.
|d Kassel : Kassel University Press GmbH, c2019
|h 134 pages
|z 9783737606882
|
| 797 |
2 |
|
|a ProQuest (Firm)
|
| 856 |
4 |
0 |
|u https://ebookcentral.proquest.com/lib/matrademy/detail.action?docID=5884840
|z Click to View
|